Регионална библиотека "Любен Каравелов" - Русе

Beruhmte Duette aus italienischen Opern (Запис номер 515123)

MARC детайли
000 -Лидер
Лидер 02625njm a2200313 a 4500
003 - Код на организацията, давaща контролен номер
Код на организацията, даваща контролен номер BLK
005 - Дата и час на последна редакция
Дата и час на последна редакция 20250301005536.0
008 - Елементи от данни с фиксирана дължина
Елементи с фиксирана дължина 180413b bul||n|| |||||||| n|bulo|
028 ## - PUBLISHER NUMBER
Издателски номер 8 20 377
040 ## - Източник на каталожния запис
Код на библиотеката BLK
041 ## - Код за език
Език на записа Немски
-- Чешки
Език за КДБФ Немски
080 ## - УДК
УДК текст Дуети - вокални
УДК код 78.087.62
УДК – определител (086.72)
УДК – код + определител 78.087.62(086.72)
080 ## - УДК
УДК текст Опера, музикална драма - изпълнители
УДК код 782.1.071.2
УДК – определител (450)(086.72)
УДК – код + определител 782.1.071.2(450)(086.72)
100 1# - Редна дума - Автор
R(LIN) 21794
Автор Puccini, Giacomo
245 ## - Сведения за заглавието
Заглавие Beruhmte Duette aus italienischen Opern
Авторска отговорност Giacomo Puccini end and.
257 ## - Страна на издаване
Страна на създаване/издаване Германия
260 ## - Област на издателските данни
Място на издаване Berlin
Име на издателя VEB Dt Schallplatten
Година на издаване [1965]
9 (RLIN) 214734
300 ## - Физическа характеристика
Брой страници 1 грамофонна плоча, двустранна
Илюстрации 33 об./мин., mono
Размер 30 см
380 ## - Жанр
Жанр Изкуство
490 ## - СЕРИИ (Колекции)
Серия Eterna
9 (RLIN) 493861
500 ## - Общи забележки
Обща забележка Mädchen in deinen Augen liegt ein Zauber (Butterfly, Linkerton) aus "Madame Butterfly"/ Puccini<br/>O lass uns fliehen (Violetta, Alfred) aus "La Traviata"/ Verdi<br/>Vernahmt ihr?/Sieh meiner heissen Tränen Flut (Leonore, Graf) aus "Der Troubadour"/ Verdi<br/>O du süssestes Mädchen (Mimi, Rudolf) aus "La Bohème"/Puccini<br/>Ahnend im Herzen/Leb wohl, o Erde (Aida, Radames) aus "Aida"/ Verdi<br/>Ach, warum hier, o fliehet/Lieben, ja lieben muss ich dich (Amelia, Richard) aus "Ein Maskenball"/ Verdi<br/>Nun, da siehst du, was du getan hast/Nein, nein Turiddu, du kannst mich nicht treulos verlassen (Santuzza, Turiddu) aus "Cavalleria rusticana" / Mascagni<br/>Nun in der nächt'gen Stille (Desdemona, Othello) aus "Othello"/Verdi<br/>Interpr.: Pilar Loengar, Sopran. Fritz Wunderlich, Tenor. Melitta Muszely, Sopran, Rudolf Schock, Tenor. Josef Metternich, Bariton. Sándor Kónya, Tenor. Gloria Davy, Sopran. Cvetka Ahlin, Mezzosopran. Marlies Siemeling, Sopran.Hilde Scheppan, Sopran. Hans Hopf, Tenor. Brünnhild Friedland, Sopran. Hermin Esser, Tenor. Berliner Symphoniker. Dirigent: Berislav Klobucar. Staatskapelle Berlin. Dirigent: Alberto Erede / Wilhelm Schüchter. Wiener Staatsopernchor. Staatliches Wiener Volksopernorchester. Dirgent: Argeo Quadri. Grosses Berliner Rundfunk-Orchester. Dirigent: Artur Rother - Historische Aufnahme. Grosses Opernorchester. Dirigent: Wilhelm Schüchter. Chor der Städtischen Oper Berlin. Grosses Opernorchester. Dirigent: Horst Stein. Staatskapelle Dresden. Dirgent: Helmut Seydelmann.
650 #0 - Допълнително описание по предмет – тема
9 (RLIN) 275448
Предметна рубрика Опера - изпълнители
651 #7 - Допълнително описание по предмет - топоним
9 (RLIN) 178965
Географско понятие Италия
653 ## - Ключова дума – ненормативна
9 (RLIN) 413946
Ключови думи оперни дуети
852 ## - Местоположение
Сигнатура (форматна) Ф ІІ 368
Отдел Основен фонд - ползва се само за читалня
942 ## - АРТИКУЛИ
Вид на библиотечния документ Грамофонни плочи
Скрит в OPAC Не
944 ## - СЪЗДАВАНЕ И РЕДАКЦИЯ на ЗАПИСА
Дата на регистрацията/редакция Севдалина Тодорова
Служител, извършил регистрацията/редакцията
Статус, дата на статуса CRON CRON
999 ## - СИСТЕМНИ КОНТРОЛНИ НОМЕРА
Koha biblionumber 515123
Koha biblioitemnumber 515123
999 ## - СИСТЕМНИ КОНТРОЛНИ НОМЕРА
Koha biblioitemnumber 515123
Наличности
Код за отписване Код за изгубен артикул Източник на класификационната схема Код за повреда Коз за рестрикции Код за отдаване Артикулен № Име на библиотеката - собственик Име на библиотеката, в която се намира в момента Статус (Текущо местоположение) Дата на вписване в системата Местоположение - отдел Цена в лева Инвентарен номер Систематично азбучна сигнатура Баркод Цена в евро Служебен тип на артикула
  Не е изгубен Universal Decimal Classification Не е повреден само за читалня ползва се в читалня 946635 Регионална библиотека "Любен Каравелов" Русе Регионална библиотека "Любен Каравелов" Русе Хранилище 2024-08-09 Основен фонд - ползва се само за читалня 4.50 1061/65 Ф ІІ 368 900000106034 2.30 Грамофонни плочи
Vip Innovations Ltd, Rousse, Bulgaria 2025